Cartan for beginners : differential geometry via moning frames and exterior differential systems
Saved in:
| Main Author: | |
|---|---|
| Other Authors: | |
| Format: | Book |
| Language: | English |
| Published: |
Providence, R.I. :
American Mathematical Society,
c2003
|
| Series: | Graduate studies in mathematics ;
; 61 |
| Subjects: | |
| Tags: |
Add Tag
No Tags, Be the first to tag this record!
|
MARC
| LEADER | 00000nam a2200000 i 4500 | ||
|---|---|---|---|
| 001 | 1/25558 | ||
| 008 | 130207s2003 eng d | ||
| 020 | |a 0-8218-3375-8 | ||
| 020 | |a 978-0-8218-3375-9 | ||
| 035 | |l 10113666 | ||
| 040 | |a GR-MY-UA |b gre |e aacr | ||
| 041 | 0 | |a eng | |
| 082 | 0 | |a 516.36 |2 (22) | |
| 100 | 1 | |a Iney, Thomas A. |q (Thomas Andrew) |d 1963- | |
| 245 | 1 | 0 | |a Cartan for beginners : |b differential geometry via moning frames and exterior differential systems / |c Thomas A. Ivey, J.M. Landsberg |
| 260 | |a Providence, R.I. : |b American Mathematical Society, |c c2003 | ||
| 300 | |a xiv, 378 σ.; |b εικ.; |c 26 εκ. | ||
| 490 | 1 | |a Graduate studies in mathematics |v ; 61 | |
| 504 | |a Βιβλιογραφία: σ.363-369. Ευρετήριο | ||
| 650 | 0 | 0 | |a Geometry, Differential. |
| 650 | 0 | 0 | |a Exterior differential systems. |
| 700 | 1 | |a Landsberg, J. M. | |
| 830 | 0 | |a Graduate studies in mathematics ; |v ; 61 | |
| 852 | |a INST |b SAMOS |e 20130207 |h 516.36 IVE |p 005300033432 |q 005300033432 |t BK |y 0 | ||
| 901 | |a BIBL3-2013-1 | ||
| 909 | |a Σ |b 177876 | ||
| 922 | |a 3ΕΛΗ |b 201210 |c ΤΜΗΜΑ ΜΑΘΗΜΑΤΙΚΩΝ |d BEST BOOK HUNTERS | ||
| 970 | |a ΚΟΣΙΕΡΗΣ |b ΧΡΗΣΤΟΣ |z 2013/02/07 | ||